000 00835nam a2200241Ia 4500
003 OSt
005 20220923223855.0
006 a|||||r|||| 00| 0
007 ta
008 220922b |||||||| |||| 00| 0 hin d
024 _a222,628
037 _cTextual
040 _aARTS
_cARTS
_bhin
041 _2hin
_ahin
082 _aO152:g, P2
100 _aवाजपेयी, नन्द दुलारे
_9156354
245 0 _aहिन्दी साहित्यः बीसवीं शताब्दी
246 _aHindī sāhityah bīsavīan shatābdī
260 _aइलाहाबाद
_b लोकभारती प्रकाशन
_c2002
300 _a202पृ.
_ccm.
942 _hO152:g, P2
_cTEXL
_2CC
999 _c367912
_d367912